<?xml version='1.0' encoding='UTF-8'?>
  <record xmlns="http://www.loc.gov/MARC21/slim">
    <leader>00000cam a2200000Mi 4500</leader>
    <controlfield tag="001">ocm64875543</controlfield>
    <controlfield tag="003">OCoLC</controlfield>
    <controlfield tag="005">20240127100239.6</controlfield>
    <controlfield tag="008">880112s1744    ne a          000 0 dut d</controlfield>
    <datafield tag="040" ind1=" " ind2=" ">
      <subfield code="a">NLGGC</subfield>
      <subfield code="b">dut</subfield>
      <subfield code="e">fobidrtb</subfield>
      <subfield code="c">NLGGC</subfield>
      <subfield code="d">L2U</subfield>
      <subfield code="d">OCLCQ</subfield>
      <subfield code="d">OCLCO</subfield>
      <subfield code="d">OCLCA</subfield>
      <subfield code="d">OCLCL</subfield>
    </datafield>
    <datafield tag="066" ind1=" " ind2=" ">
      <subfield code="c">(S</subfield>
    </datafield>
    <datafield tag="029" ind1="0" ind2=" ">
      <subfield code="a">NLGGC</subfield>
      <subfield code="b">043586791</subfield>
    </datafield>
    <datafield tag="035" ind1=" " ind2=" ">
      <subfield code="a">(OCoLC)64875543</subfield>
    </datafield>
    <datafield tag="084" ind1=" " ind2=" ">
      <subfield code="a">44.01</subfield>
      <subfield code="2">bcl</subfield>
    </datafield>
    <datafield tag="100" ind1="1" ind2=" ">
      <subfield code="a">Ruysch, Frederik,</subfield>
      <subfield code="d">1638-1731.</subfield>
      <subfield code="1">https://id.oclc.org/worldcat/entity/E39PBJtCBbddFdt9mQ3J6mMByd</subfield>
    </datafield>
    <datafield tag="245" ind1="1" ind2="0">
      <subfield code="a">Alle de ontleed- genees- en heelkundige werken van Fredrik Ruysch, in zyn ed. leven vermaard geneesheer en hoog-leeraar in d'ontleed- en kruydkunde tot Amsterdam ... /</subfield>
      <subfield code="c">meerendeels in 't Nederduytsch vertaalt, door Ysbrand Gysbert Arlebout.</subfield>
    </datafield>
    <datafield tag="246" ind1="3" ind2=" ">
      <subfield code="a">Breedvoerige blad-wyzer van alle uytgegevene zoo ontleedt- genees- als heelkundige werken van Frederik Ruysch</subfield>
    </datafield>
    <datafield tag="260" ind1=" " ind2=" ">
      <subfield code="a">Amsterdam :</subfield>
      <subfield code="b">By de Janssoons van Waesberge,</subfield>
      <subfield code="c">1744.</subfield>
    </datafield>
    <datafield tag="300" ind1=" " ind2=" ">
      <subfield code="a">3 dl. ([8], 1280, [184] p.) :</subfield>
      <subfield code="b">gegrav. voortitel, illustrations, portraits ;</subfield>
      <subfield code="c">in-4</subfield>
    </datafield>
    <datafield tag="336" ind1=" " ind2=" ">
      <subfield code="a">tekst</subfield>
      <subfield code="b">txt</subfield>
      <subfield code="2">rdacontent/dut</subfield>
    </datafield>
    <datafield tag="337" ind1=" " ind2=" ">
      <subfield code="a">zonder medium</subfield>
      <subfield code="b">n</subfield>
      <subfield code="2">rdamedia/dut</subfield>
    </datafield>
    <datafield tag="338" ind1=" " ind2=" ">
      <subfield code="a">band</subfield>
      <subfield code="b">nc</subfield>
      <subfield code="2">rdacarrier/dut</subfield>
    </datafield>
    <datafield tag="500" ind1=" " ind2=" ">
      <subfield code="a">1#[pi] 4 [pi]A-N 4 A-3O 4 3P 2 &lt;chi&gt; 2 2#&lt;chi&gt; 2 3Q-6B 4 6C 2 3#&lt;chi&gt; 2 6D-8Z 4.</subfield>
    </datafield>
    <datafield tag="500" ind1=" " ind2=" ">
      <subfield code="a">Met titelpl. en vele (uitsl.) pl.</subfield>
    </datafield>
    <datafield tag="500" ind1=" " ind2=" ">
      <subfield code="a">Aan dl. I gaat vooraf: 'Verhaal van 't leven ende verdiensten van Frederik Ruysch, door Joannes Fridericus Schreiberus'. - Aan het slot van dl. III, met afz. titelbl, doch doorl. sign.: Breedvoerige blad-wyzer van alle uytgegevene zoo ontleedt- genees- als heelkundige werken van Frederik Ruysch ... / Opgestelt door Bavius Baarda (Ibid. 1739).</subfield>
    </datafield>
    <datafield tag="505" ind1="8" ind2=" ">
      <subfield code="a">Eerste deel: Behelzende, het leven van den autheur, d'ontdekking van de klapvliesen, d'anatomische en chirurgicale aanmerkingen, en catalogus van rariteyten; als mee alle d'ontleedkundige voorgestelde brieven met verscheide geleerde lieden gewisselt. Tweede deel: Behelzende, alle d'anatomische cabinetten, beneffens de laatste en vernieuwde oeffeningen. Derde deel: Behelzende, het eerste, tweede en derde tiental van ontleed- genees- en heelkundige oeffeningen, d'ontleedkundige verhandelinge van een spier in de grond des baarmoeders en de briefwisseling van A. Vater en Hecquet, d'ontleedkundige verhandelingen over het maakzel der klieren in 't menschelyke lichaam door Hermanus Boerhaven, Bohlius over het gebruik der spruyten van de holader, en het cabinet der dieren, beneffens een generaal register.</subfield>
    </datafield>
    <datafield tag="510" ind1="0" ind2=" ">
      <subfield code="a">BMN 1-65</subfield>
    </datafield>
    <datafield tag="530" ind1=" " ind2=" ">
      <subfield code="a">Titel is geselecteerd voor digitalisering voor de Universiteit van Amsterdam in het kader van het Google Books-project.</subfield>
    </datafield>
    <datafield tag="600" ind1="1" ind2="4">
      <subfield code="a">Ruysch, Frederik,</subfield>
      <subfield code="d">1638-1731.</subfield>
      <subfield code="0">(NL-LeOCL)069971986</subfield>
    </datafield>
    <datafield tag="650" ind1=" " ind2="4">
      <subfield code="a">44.01 history of medicine.</subfield>
    </datafield>
    <datafield tag="650" ind1=" " ind2="7">
      <subfield code="a">44.01 history of medicine.</subfield>
      <subfield code="0">(NL-LeOCL)07759620X</subfield>
      <subfield code="2">bcl</subfield>
    </datafield>
    <datafield tag="600" ind1="1" ind2="7">
      <subfield code="a">Ruysch, Frederik,</subfield>
      <subfield code="d">1638-1731.</subfield>
      <subfield code="0">(NL-LeOCL)069971986</subfield>
      <subfield code="2">nta</subfield>
    </datafield>
    <datafield tag="655" ind1=" " ind2="7">
      <subfield code="a">Verzamelde werken (vorm)</subfield>
      <subfield code="2">gtt</subfield>
      <subfield code="0">(NL-LeOCL)088145174</subfield>
    </datafield>
    <datafield tag="700" ind1="1" ind2=" ">
      <subfield code="a">Arlebout, Ysbrand Gysbert,</subfield>
      <subfield code="d">fl. 1715-1725.</subfield>
      <subfield code="1">https://id.oclc.org/worldcat/entity/E39PCjBFgG4RPPd3WhCjKKCcGd</subfield>
    </datafield>
    <datafield tag="700" ind1="1" ind2=" ">
      <subfield code="a">Baarda, Bavius,</subfield>
      <subfield code="d">fl. 1744.</subfield>
      <subfield code="1">https://id.oclc.org/worldcat/entity/E39PCjGrGdmBfYQQMf6xg8KtDq</subfield>
    </datafield>
    <datafield tag="710" ind1="2" ind2=" ">
      <subfield code="a">Janssoons van Waesberge (Amsterdam)</subfield>
      <subfield code="4">prt</subfield>
      <subfield code="0">(NL-LeOCL)077139534</subfield>
    </datafield>
    <datafield tag="710" ind1="0" ind2=" ">
      <subfield code="a">Janssonius van Waesberge, Maria (Amsterdam)</subfield>
      <subfield code="4">prt</subfield>
      <subfield code="0">(NL-LeOCL)077175816</subfield>
    </datafield>
    <datafield tag="710" ind1="0" ind2=" ">
      <subfield code="a">Janssonius van Waesberge, Hendrik (Amsterdam)</subfield>
      <subfield code="4">prt</subfield>
      <subfield code="0">(NL-LeOCL)077164644</subfield>
    </datafield>
    <datafield tag="758" ind1=" " ind2=" ">
      <subfield code="a">Alle de ontleed- genees- en heelkundige werken van Fredrik Ruysch (Text)</subfield>
      <subfield code="1">https://id.oclc.org/worldcat/entity/E39PCGVVhQVTc6RkkYvwMcK7jK</subfield>
      <subfield code="4">https://id.oclc.org/worldcat/ontology/hasWork</subfield>
    </datafield>
    <datafield tag="776" ind1="0" ind2=" ">
      <subfield code="t">Alle de ontleed- genees- en heelkundige werken van Fredrik Ruysch, in zyn ed. leven vermaard geneesheer en hoog-leeraar in d'ontleed- en kruydkunde tot Amsterdam ...</subfield>
      <subfield code="w">(NL-LeOCL)393480674</subfield>
    </datafield>
    <datafield tag="776" ind1="0" ind2=" ">
      <subfield code="t">Alle de ontleed- genees- en heelkundige werken van Fredrik Ruysch, in zyn ed. leven vermaard geneesheer en hoog-leeraar in d'ontleed- en kruydkunde tot Amsterdam ...</subfield>
      <subfield code="w">(NL-LeOCL)399620036</subfield>
    </datafield>
    <datafield tag="776" ind1="0" ind2=" ">
      <subfield code="t">Alle de ontleed- genees- en heelkundige werken van Fredrik Ruysch, in zyn ed. leven vermaard geneesheer en hoog-leeraar in d'ontleed- en kruydkunde tot Amsterdam ...</subfield>
      <subfield code="w">(NL-LeOCL)399620052</subfield>
    </datafield>
    <datafield tag="776" ind1="0" ind2=" ">
      <subfield code="t">Alle de ontleed- genees- en heelkundige werken van Fredrik Ruysch, in zyn ed. leven vermaard geneesheer en hoog-leeraar in d'ontleed- en kruydkunde tot Amsterdam ...</subfield>
      <subfield code="w">(NL-LeOCL)401738019</subfield>
    </datafield>
    <datafield tag="776" ind1="0" ind2=" ">
      <subfield code="t">Alle de ontleed- genees- en heelkundige werken van Fredrik Ruysch, in zyn ed. leven vermaard geneesheer en hoog-leeraar in d'ontleed- en kruydkunde tot Amsterdam ...</subfield>
      <subfield code="w">(NL-LeOCL)406906556</subfield>
    </datafield>
    <datafield tag="880" ind1=" " ind2=" ">
      <subfield code="6">500-00/(S</subfield>
      <subfield code="a">1#π 4 πA-N 4 A-3O 4 3P 2 &lt;chi&gt; 2 2#&lt;chi&gt; 2 3Q-6B 4 6C 2 3#&lt;chi&gt; 2 6D-8Z 4.</subfield>
    </datafield>
  </record>